| 000 | nkm a22 c 4500 | ||
|---|---|---|---|
| 999 |
_c388586 _d388586 |
||
| 003 | BLK | ||
| 005 | 20200925121411.0 | ||
| 008 | 180413b bul|||||r ||||||| ||bul|| | ||
| 040 | _aBLK | ||
| 041 |
_aBUL _cBUL |
||
| 080 |
_aКраезнание _b908 _z908(497.2) |
||
| 100 |
_9434245 _aХалачев, Константин _eпърви автор |
||
| 139 | _aХалачев, Константин | ||
| 245 | 1 | 0 |
_aПловдив _bИзобразителен материал : албум _cКонстантин Халачев ; встъп. статия от Андрей Колев |
| 257 | _aBGR | ||
| 260 |
_aСофия _bСофия-пресс _c1969 _9216188 |
||
| 300 |
_a1 албум (23 с. текст) _b53 л. ил. _c23Х24 см |
||
| 380 | _a9 | ||
| 650 | 7 |
_aКраезнание _9159613 |
|
| 651 | 7 |
_9179377 _aПловдив |
|
| 653 | 7 |
_9180586 _aалбуми |
|
| 700 |
_9496 _aКолев, Андрей _eвстъп. статия |
||
| 852 |
_aЦб 301072 _bЦб |
||
| 856 | 4 |
_qpdf _u |
|
| 856 | 4 |
_qpdf _u |
|
| 942 |
_cGRA _n0 _s1 |
||
| 944 |
_aCR _c2020-09-25 _kНР |
||